000 00407nam a2200157Ia 4500
008 160316s1998 xxu||||| |||| 00| 0 eng d
082 _a320.900000
_bDAS
100 _aDas Harihara
245 _aPolitical system of India
250 _a
260 _aNew Delhi
_bAnmol Publication
_c1998
300 _a434p
_b
_c
365 _bRs.400/-
650 _a1.Political System - Development - India
700 _a
_a
999 _c12115
_d12115